Quelle indignité - Nicolas Sarkozy - Statistiques

Statistiques générales
  • Ce quiz a été pris 212 fois
  • Le résultat moyen est 28 sur 54
Statistiques - réponses
Mots % Correct
que
97%
indignité!
95%
Quelle
95%
le
85%
à
73%
a
73%
a
73%
à
73%
Vous
73%
vous
73%
public.
70%
public.
70%
service
70%
service
70%
sur
70%
Nous
67%
sommes
64%
de
63%
de
63%
la
63%
un
62%
un
62%
pas
61%
pas
61%
je
60%
Ce
57%
honte
55%
honte.
55%
et
54%
me
54%
une
52%
n'avez
51%
qui
45%
qui
45%
qui
45%
C'est
43%
homme
42%
du
40%
n'est
40%
est
39%
fait
38%
prison,
33%
été
32%
pour
31%
donner
28%
fais
27%
condamné
24%
l'idée
24%
menteur.
24%
écho
22%
voyez
21%
reprises
17%
diffamation
16%
d'innombrables
10%
Aucun quiz correspondant
Distribution des résultats
% des personnes avec chaque résultat
Percentile par nombre de réponses
Votre historique - résultats
Vous n’avez pas pris ce quiz